000 00681nam a2200229Ia 4500
008 160418s9999 xx 000 0 und d
020 _a971-08-0752-8
050 _aFIL DS 675.8
050 _b.R5N65 1949
245 _aNoli me tangere ni Dr. Jose Rizal /
245 _ctinagalog nina Domingo D. De Guzman, Maria Odulio De Guzman, Francisco Laksamana.
250 _a5th Edition
260 _aMandaluyong:
260 _bNational Books Store,
260 _c1950
300 _a381 pages :
300 _billustrations ;
300 _c21 cm.
650 _aPhilippine literature.
650 _aRizal, Jose -- 1861-1896 -- Novel.
650 _xShort stories, Philipines.
999 _c293601
_d293601